[Event "LBN-ch"]
[Site "Beirut"]
[Date "2023.11.09"]
[Round "8"]
[White "Ferzli, Dany Michael"]
[Black "Arkadan, Adib"]
[Result "0-1"]
[WhiteElo "1701"]
[BlackElo "2161"]
[PlyCount "104"]
[EventDate "2023.10.30"]
[EventType "swiss"]
[EventRounds "9"]
[EventCountry "LBN"]
[SourceTitle "CB46_2023"]
[SourceDate "2023.11.15"]
[SourceVersion "1"]
[SourceVersionDate "2023.11.15"]
[SourceQuality "1"]

1. d4 d6 2. Nf3 Nd7 3. c4 e5 4. Nc3 Ngf6 5. g3 Be7 6. Bg2 0-0 7. 0-0 c6 8. e4 a6 9. a4 a5 10. h3 Re8 11. Re1 Bf8 12. Be3 Qc7 13. Qc2 exd4 14. Nxd4 Nc5 15. Rad1 g6 16. Kh2 Bd7 17. Bf4 Rad8 18. Nf3 Ne6 19. Bxd6 Bxd6 20. e5 Be7 21. exf6 Bxf6 22. Ne4 Bg7 23. Nd6 Rf8 24. Ne4 Bc8 25. c5 Rd5 26. h4 Rfd8 27. Bh3 b6 28. cxb6 Qxb6 29. Nc3 R5d6 30. Kg2 c5 31. Rxd6 Rxd6 32. Nb5 Rd8 33. Kh2 Qc6 34. Ne5 Qd5 35. Bg2 Qd2 36. Qe4 Qxb2 37. Nc4 Qb4 38. Rb1 Qxa4 39. Bf1 Qa2 40. Kg1 Bb7 41. Qe1 Qc2 42. Nxa5 Ba8 43. Rc1 Qf5 44. Bg2 Bxg2 45. Kxg2 Qd5+ 46. Kg1 g5 47. Nc3 Qa8 48. Ne4 gxh4 49. Nc4 hxg3 50. Nxg3 Nf4 51. Qe4 Qxe4 52. Nxe4 Ne2+ 0-1

[Event "LBN-ch"]
[Site "Beirut"]
[Date "2023.11.06"]
[Round "6"]
[White "Farhat, Jawad"]
[Black "Arkadan, Adib"]
[Result "0-1"]
[WhiteElo "1859"]
[BlackElo "2161"]
[PlyCount "146"]
[EventDate "2023.10.30"]
[EventType "swiss"]
[EventRounds "9"]
[EventCountry "LBN"]
[SourceTitle "CB46_2023"]
[SourceDate "2023.11.15"]
[SourceVersion "1"]
[SourceVersionDate "2023.11.15"]
[SourceQuality "1"]

1. c4 e5 2. Nc3 d6 3. g3 f5 4. Bg2 Nf6 5. d3 Be7 6. Nf3 0-0 7. 0-0 c6 8. b4 Kh8 9. b5 Be6 10. Rb1 c5 11. a4 Qc7 12. Ng5 Bc8 13. Qb3 h6 14. Nf3 Bd8 15. Bd2 Qf7 16. Nd1 Nbd7 17. Nh4 Nh5 18. Nf3 Ndf6 19. Ne1 Be6 20. Nc3 Rb8 21. Qa2 Be7 22. a5 g5 23. a6 b6 24. Nd5 Nxd5 25. cxd5 Bd7 26. e3 Nf6 27. Bc3 Kh7 28. Nc2 Rbe8 29. Na3 Qh5 30. Qc2 Ng4 31. h3 Nf6 32. Qd1 Qf7 33. Qb3 Rg8 34. d4 cxd4 35. exd4 e4 36. f3 e3 37. Nc2 f4 38. Qc4 Qxd5 39. Qe2 Rc8 40. Nb4 Qxb5 41. Nd3 Qf5 42. Rfc1 Nd5 43. Be1 Rxc1 44. Rxc1 Rc8 45. g4 Qg6 46. Qa2 Rxc1 47. Nxc1 Qe6 48. Bf1 Nf6 49. Bd3+ Kg7 50. Qc2 Qd5 51. Be2 Qc6 52. Qb2 Nd5 53. Bd3 Bf6 54. Be4 Qc4 55. Qa3 Be7 56. Qb2 Nf6 57. Bd3 Qd5 58. Be2 h5 59. Na2 Qe6 60. Nb4 hxg4 61. hxg4 Qg8 62. d5 Qc8 63. Bc3 Qc5 64. Bd4 Qa5 65. Bc3 Qa4 66. Nc2 Kf7 67. Bd1 Qxa6 68. Nb4 Qb5 69. Be2 Qa4 70. Qb1 Kg7 71. Bd1 Qb5 72. Qc2 Qc5 73. Nd3 Qxd5 0-1

[Event "Beirut op 11th"]
[Site "Beirut"]
[Date "2022.11.17"]
[Round "7"]
[White "El Jawich, Amro"]
[Black "Arkadan, Adib"]
[Result "1-0"]
[WhiteElo "2310"]
[BlackElo "2017"]
[PlyCount "93"]
[EventDate "2022.11.12"]
[EventType "swiss"]
[EventRounds "9"]
[EventCountry "LBN"]
[SourceTitle "EXT 2024"]
[Source "ChessBase"]
[SourceDate "2023.10.10"]
[SourceVersion "1"]
[SourceVersionDate "2023.10.10"]
[SourceQuality "1"]

1. e4 c5 2. Ne2 d6 3. g3 Nf6 4. Bg2 Nc6 5. c3 h5 6. h3 h4 7. g4 e5 8. d4 Be7 9. Be3 Qc7 10. Qd2 b5 11. d5 Na5 12. Na3 Bd7 13. 0-0 Nb7 14. c4 b4 15. Nc2 Nh7 16. Ne1 g5 17. a3 b3 18. Qc3 Qb6 19. a4 Na5 20. Bd2 Bd8 21. f4 f6 22. fxe5 fxe5 23. Nd3 Bc7 24. Kh1 Qa6 25. Rac1 0-0-0 26. Ng1 Rdf8 27. Nf3 Rhg8 28. Nfxe5 Rxf1+ 29. Bxf1 dxe5 30. Nxc5 Qg6 31. Nxd7 Kxd7 32. Qd3 Qa6 33. Qe3 Rf8 34. Be2 Qg6 35. c5 Rf4 36. Bd3 Nf6 37. c6+ Ke8 38. d6 Bxd6 39. c7 Bxc7 40. Rxc7 Nxe4 41. Qxa7 Ng3+ 42. Kg2 Qxd3 43. Rc8+ Qd8 44. Rxd8+ Kxd8 45. Qc5 Kd7 46. Qd5+ Kc8 47. Bxa5 1-0

[Event "Beirut op 11th"]
[Site "Beirut"]
[Date "2022.11.14"]
[Round "4"]
[White "Arkadan, Adib"]
[Black "Zaibi, Amir"]
[Result "0-1"]
[WhiteElo "2017"]
[BlackElo "2385"]
[PlyCount "80"]
[EventDate "2022.11.12"]
[EventType "swiss"]
[EventRounds "9"]
[EventCountry "LBN"]
[SourceTitle "CBM 211 Extra"]
[Source "ChessBase"]
[SourceDate "2023.01.31"]
[SourceVersion "1"]
[SourceVersionDate "2023.01.31"]
[SourceQuality "1"]

1. d4 Nf6 2. c4 e6 3. Nf3 d5 4. Nc3 Be7 5. Bg5 0-0 6. e3 h6 7. Bh4 Ne4 8. Bxe7 Qxe7 9. Qc2 c6 10. Rc1 Nd7 11. a3 Nxc3 12. Qxc3 Re8 13. Ne5 Nxe5 14. dxe5 dxc4 15. Qxc4 Rd8 16. Bd3 b6 17. Qe4 g6 18. 0-0 Bb7 19. h4 c5 20. Qc4 a5 21. Rfd1 Bd5 22. Qg4 h5 23. Qg3 Bb3 24. Rd2 Rab8 25. Rc3 c4 26. Bxc4 Rxd2 27. Rxb3 Rc8 28. Qf4 Rc6 29. Kh2 Qc7 30. Bb5 Rcc2 31. Rc3 Rxc3 32. bxc3 Qxc3 33. e4 Rd1 34. Qf6 Qxa3 35. Be8 Qf8 36. Ba4 Rd3 37. Qf4 Qd8 38. Bb5 Rc3 39. f3 Rc5 40. Ba4 Qd4 0-1

[Event "Beirut op 11th"]
[Site "Beirut"]
[Date "2022.11.13"]
[Round "2"]
[White "Arkadan, Adib"]
[Black "Fawaz, Nadia"]
[Result "1-0"]
[WhiteElo "2017"]
[BlackElo "1321"]
[PlyCount "105"]
[EventDate "2022.11.12"]
[EventType "swiss"]
[EventRounds "9"]
[EventCountry "LBN"]
[SourceTitle "CBM 211 Extra"]
[Source "ChessBase"]
[SourceDate "2023.01.31"]
[SourceVersion "1"]
[SourceVersionDate "2023.01.31"]
[SourceQuality "1"]

1. Nf3 d5 2. g3 Nf6 3. Bg2 Bf5 4. d3 e6 5. 0-0 c5 6. Nbd2 h6 7. b3 Bd6 8. Bb2 0-0 9. Qe1 Bc7 10. e4 Bh7 11. e5 Nfd7 12. Qe2 Nc6 13. Rfe1 Nb4 14. Nf1 Ba5 15. a3 Nc6 16. N3d2 Nd4 17. Qd1 Rc8 18. f4 Bb6 19. Kh1 Qc7 20. c3 Nf5 21. Qf3 Rfd8 22. Rac1 Nb8 23. Qe2 Nc6 24. Nf3 Qe7 25. N1d2 a6 26. Qf2 Qd7 27. g4 Nfe7 28. Bf1 Ba7 29. Qg3 b5 30. Ra1 Rb8 31. h3 Qb7 32. Kh2 Qb6 33. Be2 c4 34. d4 Na5 35. b4 Nac6 36. Rg1 Rd7 37. Raf1 Qd8 38. Bc1 a5 39. f5 exf5 40. Nh4 fxg4 41. Bxg4 Rdb7 42. Bc8 Ng6 43. Bxb7 Rxb7 44. Nxg6 Bxg6 45. Nf3 Kh7 46. Nh4 Ne7 47. Rxf7 Qg8 48. Rxe7 Rxe7 49. Qxg6+ Kh8 50. Bxh6 Qf8 51. Be3 Bb8 52. Qh5+ Kg8 53. Ng6 1-0

[Event "Beirut op 11th"]
[Site "Beirut"]
[Date "2022.11.13"]
[Round "3"]
[White "Raetsky, Alexander"]
[Black "Arkadan, Adib"]
[Result "1/2-1/2"]
[WhiteElo "2372"]
[BlackElo "2017"]
[PlyCount "84"]
[EventDate "2022.11.12"]
[EventType "swiss"]
[EventRounds "9"]
[EventCountry "LBN"]
[SourceTitle "CBM 211 Extra"]
[Source "ChessBase"]
[SourceDate "2023.01.31"]
[SourceVersion "1"]
[SourceVersionDate "2023.01.31"]
[SourceQuality "1"]

1. d4 Nf6 2. c4 g6 3. Nc3 Bg7 4. e4 d6 5. Be2 0-0 6. Bg5 c5 7. d5 e6 8. Qd2 exd5 9. exd5 Qb6 10. Nf3 Re8 11. 0-0 Bg4 12. h3 Bxf3 13. Bxf3 Nbd7 14. Rac1 a6 15. Qc2 Qa5 16. Bd2 Qc7 17. Be2 Re7 18. Rfe1 Rae8 19. Bf1 Ne5 20. f4 Ned7 21. g4 Qd8 22. Bg2 h6 23. Kf1 Nh7 24. b3 Bd4 25. Ne4 Ndf6 26. Ng3 Be3 27. Bxe3 Rxe3 28. Kf2 Rxe1 29. Rxe1 Rxe1 30. Kxe1 Nd7 31. Qc3 Qf6 32. Qxf6 Ndxf6 33. Kf2 Kf8 34. Ke3 Ke7 35. Bf3 Ne8 36. h4 Ng7 37. g5 hxg5 38. fxg5 f6 39. Kf4 fxg5+ 40. hxg5 Nf8 41. Bg4 Nd7 42. Ne4 b6 1/2-1/2

[Event "World ol U16"]
[Site "Nakhchivan"]
[Date "2022.10.08"]
[Round "7.17"]
[White "Arkadan, Adib"]
[Black "Abdel Raouf, Zyad"]
[Result "1-0"]
[WhiteElo "1884"]
[BlackElo "1609"]
[PlyCount "119"]
[EventDate "2022.10.02"]
[EventType "team-swiss"]
[EventRounds "9"]
[EventCountry "AZE"]
[SourceTitle "CBM 210 Extra"]
[Source "ChessBase"]
[SourceDate "2022.11.30"]
[SourceVersion "1"]
[SourceVersionDate "2022.11.30"]
[SourceQuality "1"]
[WhiteTeam "Lebanon"]
[BlackTeam "Egypt"]
[WhiteTeamCountry "LBN"]
[BlackTeamCountry "EGY"]

1. Nf3 d5 2. g3 g6 3. Bg2 Bg7 4. 0-0 e5 5. d3 Nc6 6. Nbd2 Nge7 7. e4 0-0 8. c3 a5 9. Re1 h6 10. Qc2 Re8 11. b3 d4 12. c4 Nb4 13. Qb1 Qd6 14. a3 Nbc6 15. Qc2 b6 16. Rb1 Ba6 17. Rf1 Bc8 18. Kh1 Rb8 19. Bb2 Qc5 20. Ng1 g5 21. Rbe1 Ng6 22. Ne2 Qd6 23. Bc1 Nd8 24. Rg1 Ne6 25. Ref1 Kh7 26. f3 Ba6 27. Rf2 b5 28. Rgf1 bxc4 29. Nxc4 Bxc4 30. bxc4 Nc5 31. f4 gxf4 32. gxf4 exf4 33. Bxf4 Be5 34. Bg3 Rf8 35. Rf6 Qe7 36. Bxe5 Nxe5 37. Nxd4 Qd8 38. Nc6 Qxd3 39. Qxd3 Ncxd3 40. Nxb8 Rxb8 41. Ra6 Nxc4 42. Rxf7+ Kg8 43. Rf3 Nce5 44. Rg3+ Kh7 45. h3 Rb2 46. Rxa5 Rb1+ 47. Kh2 Rb2 48. a4 h5 49. Rd5 Rd2 50. Kg1 Rd1+ 51. Bf1 Ra1 52. Rdxd3 Nxd3 53. Rxd3 Rxa4 54. Bg2 Kg6 55. Rc3 Ra7 56. Rc5 h4 57. Bf3 Ra3 58. Bg4 Re3 59. Kf2 Ra3 60. Rxc7 1-0

[Event "World ol U16"]
[Site "Nakhchivan"]
[Date "2022.10.03"]
[Round "2.11"]
[White "Arkadan, Adib"]
[Black "Wiratunga, Jenith"]
[Result "1-0"]
[WhiteElo "1884"]
[BlackElo "1741"]
[PlyCount "63"]
[EventDate "2022.10.02"]
[EventType "team-swiss"]
[EventRounds "9"]
[EventCountry "AZE"]
[SourceTitle "CBM 210 Extra"]
[Source "ChessBase"]
[SourceDate "2022.11.30"]
[SourceVersion "1"]
[SourceVersionDate "2022.11.30"]
[SourceQuality "1"]
[WhiteTeam "Lebanon"]
[BlackTeam "Sri Lanka"]
[WhiteTeamCountry "LBN"]
[BlackTeamCountry "SRI"]

1. Nf3 Nf6 2. c4 e6 3. d4 d5 4. Nc3 Be7 5. Bg5 h6 6. Bh4 0-0 7. e3 Ne4 8. Bg3 Nxg3 9. hxg3 dxc4 10. Bxc4 c5 11. Qe2 Nc6 12. Rd1 cxd4 13. exd4 Qa5 14. 0-0 Bf6 15. a3 Rd8 16. Qe4 Rb8 17. d5 Bxc3 18. bxc3 exd5 19. Bxd5 Bd7 20. Qc4 Be8 21. Rfe1 Qxa3 22. Rxe8+ Rxe8 23. Bxf7+ Kh8 24. Bxe8 Rxe8 25. Nh4 Ne5 26. Qb5 Re6 27. Qxb7 Qxc3 28. Rd8+ Kh7 29. Qe4+ g6 30. Qb7+ Nf7 31. Qxf7+ Qg7 32. Qxe6 1-0

[Event "World ol U16"]
[Site "Nakhchivan"]
[Date "2022.10.02"]
[Round "1.11"]
[White "Galaviz Medina, Atlas Adomaitis"]
[Black "Arkadan, Adib"]
[Result "1-0"]
[WhiteElo "2069"]
[BlackElo "1884"]
[PlyCount "75"]
[EventDate "2022.10.02"]
[EventType "team-swiss"]
[EventRounds "9"]
[EventCountry "AZE"]
[SourceTitle "CBM 210 Extra"]
[Source "ChessBase"]
[SourceDate "2022.11.30"]
[SourceVersion "1"]
[SourceVersionDate "2022.11.30"]
[SourceQuality "1"]
[WhiteTeam "Mexico"]
[BlackTeam "Lebanon"]
[WhiteTeamCountry "MEX"]
[BlackTeamCountry "LBN"]

1. d4 d6 2. c4 e5 3. dxe5 dxe5 4. Qxd8+ Kxd8 5. Nf3 f6 6. Nc3 Be6 7. b3 c6 8. Bb2 Nd7 9. g3 Nh6 10. Bg2 Kc7 11. 0-0 Nf7 12. Rfd1 Nd6 13. Rac1 a5 14. Ba3 Ne4 15. Bxf8 Nxc3 16. Bd6+ Kc8 17. Rxc3 c5 18. Nd2 Ra6 19. Ne4 Rc6 20. Be7 Kc7 21. Nd6 Rb6 22. Nb5+ Kb8 23. Rcd3 Kc8 24. Na7+ Kc7 25. Bd6+ Kd8 26. Bxc5 Ra6 27. Bxb7 Rxa7 28. Bxa7 Kc7 29. Bd5 Bf5 30. e4 Bh3 31. f3 h5 32. g4 Nf8 33. c5 hxg4 34. Bb6+ Kc8 35. Ba8 Ne6 36. c6 gxf3 37. Bb7+ Kb8 38. Ba6 1-0

[Event "Arab-ch U16"]
[Site "Baghdad"]
[Date "2022.03.15"]
[Round "7"]
[White "Raji Sayel, Abu Azizah"]
[Black "Arkadan, Adib"]
[Result "0-1"]
[WhiteElo "1880"]
[BlackElo "1852"]
[PlyCount "120"]
[EventDate "2022.03.10"]
[EventType "swiss"]
[EventRounds "9"]
[EventCountry "IRQ"]
[SourceTitle "EXT 2023"]
[Source "ChessBase"]
[SourceDate "2022.10.05"]
[SourceVersion "1"]
[SourceVersionDate "2022.10.05"]
[SourceQuality "1"]

1. d4 Nf6 2. c4 c5 3. d5 e5 4. Nc3 d6 5. e4 Be7 6. f3 Nbd7 7. Be3 Nf8 8. Qd2 Ng6 9. g4 h6 10. h4 Nh7 11. h5 Ngf8 12. Be2 Bh4+ 13. Kd1 Bg5 14. f4 exf4 15. Bxf4 Bxf4 16. Qxf4 Qf6 17. Qg3 a6 18. Kc2 Ng5 19. Rf1 Qe7 20. Nf3 Nxf3 21. Rxf3 Nd7 22. Rhf1 Ne5 23. Rf4 Bd7 24. a4 f6 25. b3 0-0 26. Kb2 Nf7 27. Bd3 Ng5 28. Bc2 Qe5 29. Qd3 Rfb8 30. Rf5 Bxf5 31. Rxf5 Qe7 32. e5 fxe5 33. Ne4 Nxe4 34. Qxe4 Rf8 35. Rf3 Rxf3 36. Qxf3 e4 37. Bxe4 Re8 38. Bc2 Qf6+ 39. Qxf6 gxf6 40. Bf5 Re2+ 41. Kc3 Re3+ 42. Kc2 Rg3 43. a5 Re3 44. Bc8 Re7 45. b4 cxb4 46. Kb3 Rc7 47. Be6+ Kf8 48. Kxb4 Ke7 49. Bf5 Kd8 50. Be6 Rc5 51. Bf5 Kc7 52. Bd3 b6 53. axb6+ Kxb6 54. Kc3 Rc7 55. Kd4 a5 56. Ke4 a4 57. Kf5 a3 58. Bb1 Rxc4 59. Kxf6 Rxg4 60. Ke6 Kc5 0-1

[Event "Arab-ch U16"]
[Site "Baghdad"]
[Date "2022.03.12"]
[Round "4"]
[White "Khaled Waleed, Abdullah"]
[Black "Arkadan, Adib"]
[Result "0-1"]
[WhiteElo "1619"]
[BlackElo "1852"]
[PlyCount "96"]
[EventDate "2022.03.10"]
[EventType "swiss"]
[EventRounds "9"]
[EventCountry "IRQ"]
[SourceTitle "EXT 2023"]
[Source "ChessBase"]
[SourceDate "2022.10.05"]
[SourceVersion "1"]
[SourceVersionDate "2022.10.05"]
[SourceQuality "1"]

1. e4 c5 2. Nc3 d6 3. Nf3 Nf6 4. d4 cxd4 5. Nxd4 a6 6. Be3 e5 7. Nb3 Be6 8. Qd2 Be7 9. f3 0-0 10. 0-0-0 Nbd7 11. g4 b5 12. h4 Nb6 13. Qf2 Nfd7 14. h5 b4 15. Nd5 Bxd5 16. exd5 a5 17. Kb1 a4 18. Nc1 Ra5 19. g5 Bxg5 20. Bxg5 Qxg5 21. Bh3 Nc5 22. Rhg1 Qf6 23. Qe1 Raa8 24. Qxb4 Rfb8 25. Qc3 a3 26. b3 Nba4 27. Qe3 Rb4 28. c3 e4 29. Ne2 exf3 30. Nd4 Rbb8 31. Rgf1 Nb2 32. Rc1 Nc4 33. Qe1 Nd3 34. Qd1 Nxc1 35. Qxc1 Ne5 36. Qe3 Re8 37. Qd2 Qh4 38. Bf5 Qxh5 39. Bc2 Rab8 40. Ka1 Qh3 41. Rf2 Qh1+ 42. Bb1 Nc4 43. Qd3 Nb2 44. Qc2 Re1 45. Nxf3 Rc1 46. Qe4 g6 47. Rh2 Rxb1+ 48. Qxb1 Qxf3 0-1

[Event "Online Olym Div2 A"]
[Site "Chess.com INT"]
[Date "2021.09.04"]
[Round "7.2"]
[White "Tarigan, Gilbert Elroy"]
[Black "Arkadan, Adib"]
[Result "0-1"]
[WhiteElo "2149"]
[BlackElo "1820"]
[PlyCount "90"]
[EventDate "2021.09.02"]
[EventType "team (rapid)"]
[EventRounds "9"]
[EventCountry "USA"]
[SourceTitle "CBM 204 Extra"]
[Source "ChessBase"]
[SourceDate "2021.11.30"]
[SourceVersion "1"]
[SourceVersionDate "2021.11.30"]
[SourceQuality "1"]
[WhiteTeam "Indonesia"]
[BlackTeam "Lebanon"]
[WhiteTeamCountry "INA"]
[BlackTeamCountry "LBN"]

1. c4 e5 2. Nc3 Nc6 3. Nf3 g6 4. h4 h5 5. d3 Bg7 6. Bg5 f6 7. Bd2 Nh6 8. g3 d6 9. Bg2 0-0 10. Nd5 Ne7 11. Qc1 Ng4 12. Nh2 Nxh2 13. Rxh2 c6 14. Nxe7+ Qxe7 15. Bh6 Be6 16. Rh1 d5 17. b3 b5 18. c5 Kh7 19. Bxg7 Kxg7 20. Kd2 a5 21. a3 f5 22. Qb2 Qf6 23. f4 d4 24. Bxc6 Rac8 25. Bxb5 Rxc5 26. Bc4 Rb8 27. Rac1 Bxc4 28. Rxc4 Rxc4 29. dxc4 Qc6 30. Rc1 Qe4 31. b4 Qe3+ 32. Kd1 Qxg3 33. fxe5 Qxe5 34. c5 Qd5 35. c6 axb4 36. c7 Rc8 37. axb4 Kh7 38. b5 d3 39. e3 Qf3+ 40. Ke1 Qxe3+ 41. Kf1 d2 42. Rb1 Qf3+ 43. Kg1 d1Q+ 44. Rxd1 Qxd1+ 45. Kh2 Rxc7 0-1

[Event "Online Olym Div2 A"]
[Site "Chess.com INT"]
[Date "2021.09.03"]
[Round "5.1"]
[White "Arkadan, Adib"]
[Black "Bai, Adelard"]
[Result "0-1"]
[WhiteElo "1820"]
[BlackElo "2399"]
[PlyCount "80"]
[EventDate "2021.09.02"]
[EventType "team (rapid)"]
[EventRounds "9"]
[EventCountry "USA"]
[SourceTitle "CBM 204 Extra"]
[Source "ChessBase"]
[SourceDate "2021.11.30"]
[SourceVersion "1"]
[SourceVersionDate "2021.11.30"]
[SourceQuality "1"]
[WhiteTeam "Lebanon"]
[BlackTeam "Taiwan"]
[WhiteTeamCountry "LBN"]
[BlackTeamCountry "TPE"]

1. d4 d5 2. Nc3 Nf6 3. Bf4 c5 4. e3 e6 5. Nb5 Na6 6. c3 Be7 7. Nf3 0-0 8. h3 Bd7 9. a4 c4 10. Be2 Qb6 11. b4 Bxb5 12. axb5 Qxb5 13. 0-0 Ne4 14. Qc2 Bd6 15. Ne5 Bxe5 16. Bxe5 Nb8 17. Ra5 Qd7 18. f3 Nd6 19. b5 Nxb5 20. Rb1 a6 21. Rbxb5 Nc6 22. Qa2 Qd8 23. Rc5 Nxe5 24. dxe5 b6 25. Rc6 bxa5 26. f4 Qb8 27. Bd1 Qb7 28. Ba4 Rfb8 29. Qf2 Qb1+ 30. Kh2 Qa1 31. Bc2 Qxc3 32. Rd6 h6 33. Ba4 Rb2 34. Qg3 Rb1 35. f5 Qa1 36. Qf2 Rh1+ 37. Kg3 Qxe5+ 38. Qf4 Qxf4+ 39. exf4 exf5 40. Rxd5 Rc8 0-1

[Event "Online Olym Div3 B"]
[Site "Chess.com INT"]
[Date "2021.08.28"]
[Round "6.1"]
[White "Kareem, Hneidi"]
[Black "Arkadan, Adib"]
[Result "0-1"]
[WhiteElo "1967"]
[BlackElo "1742"]
[PlyCount "154"]
[EventDate "2021.08.27"]
[EventType "team-tourn (rapid)"]
[EventRounds "9"]
[EventCountry "USA"]
[SourceTitle "CBM 204 Extra"]
[Source "ChessBase"]
[SourceDate "2021.11.30"]
[SourceVersion "1"]
[SourceVersionDate "2021.11.30"]
[SourceQuality "1"]
[WhiteTeam "Syria"]
[BlackTeam "Lebanon"]
[WhiteTeamCountry "SYR"]
[BlackTeamCountry "LBN"]

1. e4 c5 2. Nf3 Nc6 3. Bc4 d6 4. Qe2 e5 5. c3 Be7 6. 0-0 Nf6 7. d3 0-0 8. Rd1 Be6 9. Nbd2 Nh5 10. Nf1 g6 11. Ne3 Nf4 12. Qe1 Kg7 13. g3 Nh3+ 14. Kg2 Ng5 15. Nxg5 Bxg5 16. h4 Be7 17. Bxe6 fxe6 18. Ng4 Kh8 19. Qe3 d5 20. Rh1 d4 21. Qh6 Rg8 22. Bg5 Qf8 23. Qxf8 Bxf8 24. Nf6 Rg7 25. c4 Rf7 26. Ng4 h6 27. Bxh6 Kh7 28. Bg5 Be7 29. a3 Raf8 30. Bxe7 Nxe7 31. Rhf1 Nc6 32. Rab1 a5 33. b3 Rf3 34. Rbd1 R3f7 35. f3 Ra8 36. a4 Raf8 37. Rf2 Kg7 38. Nh2 Nd8 39. Rdf1 Nc6 40. f4 Nb4 41. Rf3 exf4 42. gxf4 Rh8 43. Kg3 Rh5 44. Ng4 Rf8 45. R1f2 Rfh8 46. Rh2 Nc6 47. e5 Ne7 48. Kg2 Rxh4 49. Rxh4 Rxh4 50. Nf6 Nf5 51. Nd7 Ne3+ 52. Kg1 Rg4+ 53. Kh1 b6 54. Nxb6 g5 55. fxg5 Rxg5 56. Nd7 Ng4 57. Nxc5 Rxe5 58. Ne4 Rh5+ 59. Kg1 Ne5 60. Rg3+ Kf7 61. c5 Nc6 62. Kf2 Rh2+ 63. Rg2 Rh5 64. Ke2 Rh1 65. Nd6+ Kf6 66. Rf2+ Kg6 67. Rf1 Rh2+ 68. Rf2 Rh3 69. Ne4 Re3+ 70. Kd2 Kg7 71. Rg2+ Kf7 72. Rg3 Rxg3 73. Nxg3 Kf6 74. Ne4+ Ke5 75. Ke2 Kd5 76. Kd2 Ne5 77. Kc2 Nd7 0-1

[Event "Kaspersky op U16"]
[Site "Tornelo INT"]
[Date "2021.04.02"]
[Round "10"]
[White "Arkadan, Adib"]
[Black "Akhmet, Suleyman"]
[Result "1-0"]
[WhiteElo "1742"]
[BlackElo "1126"]
[PlyCount "103"]
[EventDate "2021.04.02"]
[EventType "swiss (blitz)"]
[EventRounds "11"]
[EventCountry "RUS"]
[SourceTitle "CBM 201 Extra"]
[Source "ChessBase"]
[SourceDate "2021.05.31"]
[SourceVersion "1"]
[SourceVersionDate "2021.05.31"]
[SourceQuality "1"]

1. d4 Nf6 2. c4 c5 3. d5 b5 4. cxb5 a6 5. bxa6 d6 6. Nc3 g6 7. e4 Bxa6 8. Bxa6 Rxa6 9. Nf3 Nbd7 10. 0-0 Bg7 11. Qe2 0-0 12. Qxa6 Ng4 13. Bf4 Qb8 14. Qb5 Qc7 15. Qc6 Qd8 16. h3 Ngf6 17. e5 Nb8 18. Qb7 dxe5 19. Bxe5 Nfd7 20. Bxg7 Kxg7 21. Rad1 Qa5 22. d6 e6 23. Qb5 Qd8 24. Rfe1 Qf6 25. Ne4 Qd8 26. Nxc5 Nxc5 27. Qxc5 Nd7 28. Qd4+ Kg8 29. Ne5 Nxe5 30. Qxe5 Qd7 31. Rc1 Rd8 32. Rc7 Qxd6 33. Qxd6 Rxd6 34. b4 Rb6 35. Rb1 Kg7 36. b5 Kf6 37. Rc6 Rb7 38. b6 Rb8 39. b7 Ke7 40. Rc8 Rxb7 41. Rxb7+ Kf6 42. Rcc7 Kg5 43. Rxf7 Kh6 44. Rxh7+ Kg5 45. Rhf7 Kh5 46. Rb5+ Kh6 47. h4 e5 48. Rxe5 g5 49. Rf6+ Kg7 50. hxg5 Kg8 51. Re7 Kh8 52. Rf8# 1-0

[Event "Aley Hariri Rapid Cup"]
[Site "Aley"]
[Date "2021.03.21"]
[Round "7"]
[White "Arkadan, Adib"]
[Black "Najjar, Ahmad"]
[Result "1-0"]
[WhiteElo "1705"]
[BlackElo "2178"]
[PlyCount "117"]
[EventDate "2021.03.20"]
[EventType "tourn (rapid)"]
[EventRounds "11"]
[EventCountry "LBN"]
[SourceTitle "EXT 2022"]
[Source "ChessBase"]
[SourceDate "2021.10.06"]
[SourceVersion "1"]
[SourceVersionDate "2021.10.06"]
[SourceQuality "1"]

1. d4 g6 2. c4 Bg7 3. Nf3 c5 4. Nc3 Nf6 5. g3 cxd4 6. Nxd4 Nc6 7. Bg2 Nxd4 8. Qxd4 0-0 9. 0-0 d6 10. b3 Ne4 11. Qxe4 Bxc3 12. Bh6 Re8 13. Rac1 Bf6 14. Rfd1 Qa5 15. Rxd6 Bf5 16. Rd5 Bxe4 17. Rxa5 Bxg2 18. Kxg2 e6 19. Rb5 Re7 20. Rd1 Rc7 21. Bf4 a6 22. Rb6 Re7 23. Rbd6 Kg7 24. Rd7 Rae8 25. Rxe7 Rxe7 26. Rd8 e5 27. Be3 h5 28. h4 Rc7 29. Rd5 Rc6 30. Kf3 Kf8 31. Rd7 b5 32. c5 Ke8 33. Rb7 Be7 34. Rb6 Kd7 35. Ke4 Bxc5 36. Rxc6 Bxe3 37. Rf6 Ke7 38. Rxa6 Bxf2 39. Kf3 Be1 40. a4 e4+ 41. Kxe4 bxa4 42. Rxa4 Bxg3 43. Kf3 Be1 44. b4 Bxh4 45. b5 g5 46. b6 g4+ 47. Kg2 Kd8 48. Rc4 Be7 49. b7 Bd6 50. Rc8+ Kd7 51. b8Q Bxb8 52. Rxb8 Ke6 53. Kg3 Kf5 54. Rb5+ Kg6 55. Kh4 f5 56. Rb6+ Kf7 57. Kxh5 g3 58. Rg6 f4 59. Rg4 1-0

[Event "Aley Hariri Rapid Cup"]
[Site "Aley"]
[Date "2021.03.20"]
[Round "4"]
[White "Khallouf, Abdallah"]
[Black "Arkadan, Adib"]
[Result "1-0"]
[WhiteElo "1685"]
[BlackElo "1705"]
[PlyCount "69"]
[EventDate "2021.03.20"]
[EventType "tourn (rapid)"]
[EventRounds "11"]
[EventCountry "LBN"]
[SourceTitle "EXT 2022"]
[Source "ChessBase"]
[SourceDate "2021.10.06"]
[SourceVersion "1"]
[SourceVersionDate "2021.10.06"]
[SourceQuality "1"]

1. d4 c5 2. d5 e5 3. e4 d6 4. Nc3 Nf6 5. Bb5+ Nbd7 6. a4 Be7 7. Nf3 0-0 8. 0-0 a6 9. Be2 Re8 10. Nd2 b6 11. Nc4 Nf8 12. f4 exf4 13. Bxf4 Ng6 14. Bg3 h6 15. e5 dxe5 16. Nxe5 Bd6 17. Nxg6 Bxg3 18. hxg3 fxg6 19. Bd3 g5 20. Bg6 Re3 21. d6 Bb7 22. Re1 Rxg3 23. Ne4 Bxe4 24. Bxe4 Ra7 25. Bd3 Rd7 26. Re6 Qa8 27. Qe2 Qb8 28. Rxf6 Qd8 29. Qe6+ Kh8 30. Rxh6+ gxh6 31. Qxh6+ Kg8 32. Bc4+ Rf7 33. Qg6+ Kh8 34. Bxf7 Qf8 35. Re1 1-0

[Event "Aley Hariri Rapid Cup"]
[Site "Aley"]
[Date "2021.03.20"]
[Round "1"]
[White "Sarhan, Wahid"]
[Black "Arkadan, Adib"]
[Result "0-1"]
[WhiteElo "1793"]
[BlackElo "1705"]
[PlyCount "29"]
[EventDate "2021.03.20"]
[EventType "tourn (rapid)"]
[EventRounds "11"]
[EventCountry "LBN"]
[SourceTitle "EXT 2022"]
[Source "ChessBase"]
[SourceDate "2021.10.06"]
[SourceVersion "1"]
[SourceVersionDate "2021.10.06"]
[SourceQuality "1"]

1. d4 Nf6 2. Nf3 g6 3. g3 Bg7 4. Bg2 0-0 5. 0-0 d6 6. Bg5 Ne4 7. c3 Nxg5 8. Nxg5 e5 9. Nf3 e4 10. Nfd2 d5 11. e3 c6 12. c4 b6 13. Nc3 Bb7 14. Rc1 a6 15. Qb3 0-1